|
|
|
|
| LEADER |
00000nab a2200000 a 4500 |
| 001 |
vtls000752220 |
| 003 |
SK-MaSNL |
| 005 |
20260304113604.0 |
| 008 |
250429c2001 xo 0 slo |
| 015 |
|
|
|a SNBRB2001/03-06915
|
| 035 |
|
|
|a CLN000104010
|
| 035 |
|
|
|a urn:nbn:sk:snk-abah9g
|
| 035 |
|
|
|a (urnnbn)urn:nbn:sk:snk:ar-008g59
|
| 035 |
|
|
|a (uuid)63d1365d-b202-43c9-a37a-3c5b59d271c3
|
| 040 |
|
|
|a SNKBUCL
|b slo
|c SNKBUCL
|e AACR2
|
| 041 |
0 |
|
|a slo
|
| 044 |
|
|
|a xo
|c SK
|
| 080 |
|
|
|a 336.722.145:336.732:347.19
|2 1997
|
| 080 |
|
|
|a 336.732
|2 1997
|
| 245 |
0 |
0 |
|a Výhodnejšie podmienky stavebného sporenia pre právnické osoby
|
| 300 |
|
|
|b Fotogr.
|
| 650 |
0 |
7 |
|a osoby právnické
|x sporenie stavebné
|2 snkbucl
|9 1417072
|
| 650 |
0 |
7 |
|a stavebné sporenie
|2 snkbucl
|9 2365
|
| 655 |
|
7 |
|a články z novín a časopisov
|2 snkbucl
|9 267496
|
| 700 |
1 |
|
|a Niňajová, Katarína
|4 aut
|9 666578
|
| 773 |
0 |
|
|t Eurostav
|g Roč. 7, č. 1 (2001), s. 62
|x 1335-1249
|
| 850 |
|
|
|a Slovenská národná knižnica
|
| 852 |
|
|
|a Slovenská národná knižnica
|
| 954 |
|
|
|a odborná, vedecká literatúra pôvodná (slovenská)
|2 lita
|
| 958 |
|
|
|a article14
|
| 958 |
|
|
|a OND
|
| 958 |
|
|
|a SK
|
| 958 |
|
|
|a EUIPO
|
| 992 |
|
|
|a RBX
|
| 999 |
|
|
|c 2870060
|d 2871990
|